La plus grosse valeur marchande par club de Bundesliga - Statistiques

Statistiques générales
  • Ce quiz a été pris 28 fois
  • Le résultat moyen est 6 sur 18
Statistiques - réponses
Club Valeur (Millions) Nationalité Joueur % Correct
Bayer 04 Leverkusen 130 Allemagne Florian Wirtz
100%
Bayern Munich 130 Allemagne Jamal Musiala
96%
RB Leipzig 80 Pays-Bas Xavi Simons
89%
VfB Stuttgart 30 France Enzo Millot
57%
Borussia Dortmund 40 Allemagne Julian Brandt
57%
VfL Wolfsburg 20 Croatie Lovro Majer
50%
SC Fribourg 18 Japon Ritsu Doan
25%
Eintracht Francfort 28 Suède Hugo Larsson
21%
Borussia Mönchengladbach 12 Japon Ko Itakura
18%
1.FC Union Berlin 17 Pays-Bas Danilho Doekhi
14%
FC Augsburg 9 Suisse Rubén Vargas
11%
1.FSV Mainz 05 12 Allemagne Jonathan Burkardt
7%
SV Werder Bremen 10 Autriche Romano Schmid
7%
TSG 1899 Hoffenheim 15 Allemagne Anton Stach
4%
VfL Bochum 6 Mali Ibrahima Sissoko
4%
1.FC Heidenheim 1846 8 Allemagne Paul Wanner
4%
FC St. Pauli 4 Suède Eric Smith
0%
Holstein Kiel 3 Serbie Marko Ivezic
0%
Aucun quiz correspondant
Distribution des résultats
% des personnes avec chaque résultat
Percentile par nombre de réponses
Votre historique - résultats
Vous n’avez pas pris ce quiz